|
|
|
|
| LEADER |
00000cam a2200000 7i4500 |
| 001 |
0000030342 |
| 005 |
20240910.0 |
| 008 |
230901 nyu eng |
| 020 |
|
|
|a 9780367733193 (pbk)
|
| 040 |
|
|
|a INS
|b eng
|e rda
|
| 090 |
0 |
0 |
|a HD57.7
|b .A345 2020
|
| 245 |
0 |
0 |
|a After leadership
|c edited by Brigid Carroll, Josh Firth and Suze Wilson
|
| 264 |
|
1 |
|a New York
|a London :
|b Routledge, Taylor & Francis Group,
|c 2020
|
| 300 |
|
|
|a xii, 238 pages ;
|c 24 cm.
|
| 336 |
|
|
|a text
|2 rdacontent
|
| 337 |
|
|
|a unmediated
|2 rdamedia
|
| 338 |
|
|
|a volume
|2 rdacarrier
|
| 490 |
0 |
|
|a Routledge studies in leadership research
|
| 504 |
|
|
|a Includes bibliographical references and index
|
| 650 |
|
0 |
|a Leadership
|
| 700 |
1 |
|
|a Carroll, Brigid ,
|e editor
|
| 700 |
1 |
|
|a Firth, Josh ,
|e editor
|
| 700 |
1 |
|
|a Wilson, Suze ,
|e editor
|
| 999 |
|
|
|a 1000004640
|b BOOK
|c Open Shelf
|e Default branch
|